A Dictionary of American proverbs / (Record no. 100357)

MARC details
000 -LEADER
fixed length control field 00901cam a2200277 a 4500
008 - FIXED-LENGTH DATA ELEMENTS--GENERAL INFORMATION
fixed length control field
020 ## - INTERNATIONAL STANDARD BOOK NUMBER
International Standard Book Number 0195053990 (pbk.)
049 ## - LOCAL HOLDINGS (OCLC)
Holding library MAIN
090 ## - LOCALLY ASSIGNED LC-TYPE CALL NUMBER (OCLC); LOCAL CALL NUMBER (RLIN)
Classification number (OCLC) (R) ; Classification number, CALL (RLIN) (NR) REF PN6426
003 - CONTROL NUMBER IDENTIFIER
control field
005 - DATE AND TIME OF LATEST TRANSACTION
control field 20230120191408.0
040 ## - CATALOGING SOURCE
Transcribing agency NUST
245 02 - TITLE STATEMENT
Title A Dictionary of American proverbs /
Statement of responsibility, etc. Wolfgang Mieder, editor in chief ; Stewart A. Kingsbury and Kelsie B. Harder, editors.
260 ## - PUBLICATION, DISTRIBUTION, ETC.
Place of publication, distribution, etc. New York :
Name of publisher, distributor, etc. Oxford University Press,
Date of publication, distribution, etc. 1992.
300 ## - PHYSICAL DESCRIPTION
Extent xviii, 710 p. ;
Dimensions 24 cm.
504 ## - BIBLIOGRAPHY, ETC. NOTE
Bibliography, etc. note Includes bibliographical references (p. 691-710).
650 #0 - SUBJECT ADDED ENTRY--TOPICAL TERM
Topical term or geographic name entry element Proverbs, American.
650 #2 - SUBJECT ADDED ENTRY--TOPICAL TERM
Topical term or geographic name entry element Aphorisms and Proverbs
Form subdivision dictionaries.
653 0# - INDEX TERM--UNCONTROLLED
Uncontrolled term Proverbs
653 0# - INDEX TERM--UNCONTROLLED
Uncontrolled term United States
700 1# - ADDED ENTRY--PERSONAL NAME
Personal name Mieder, Wolfgang.
700 1# - ADDED ENTRY--PERSONAL NAME
Personal name Kingsbury, Stewart A.
700 1# - ADDED ENTRY--PERSONAL NAME
Personal name Harder, Kelsie B.
907 ## - LOCAL DATA ELEMENT G, LDG (RLIN)
a .b10058515
b 18-01-07
c 17-04-03
942 ## - ADDED ENTRY ELEMENTS (KOHA)
Koha item type Ordinary Loan Books
Call number prefix REF PN6426
Holdings
Date last seen Total Checkouts Full call number Barcode Cost, replacement price Price effective from Koha item type Lost status Source of classification or shelving scheme Damaged status Not for loan Collection Withdrawn status Home library Current library Shelving location Date acquired Cost, normal purchase price
01/20/2023   REF PN6426 DIC 92003021052 80.00 01/20/2023 REF   LCC     NFIC   MAIN MAIN GEN 01/20/2023 80.00